| 000 | 00604nam a22002177a 4500 | ||
|---|---|---|---|
| 003 | 0 | ||
| 005 | 20240920170313.0 | ||
| 008 | 240920b xxu||||| |||| 00| 0 eng d | ||
| 020 | _a978-1-64172-306-0 | ||
| 050 |
_aTK 5105.8884 _b.G35 2020 |
||
| 100 | _aGaiman, Cassandra | ||
| 245 |
_aVideo blogging : a step-by-step guide _cGaiman, Cassandra |
||
| 260 |
_aNew York _bLarsen & keller _cC2020 |
||
| 300 |
_aviii,214p. _bill.;col.: _c27cm. |
||
| 500 | _aBlogs. | ||
| 500 | _aDigital video. | ||
| 500 | _aBlogs--guidebooks. | ||
| 500 | _aSocial media. | ||
| 650 | _aIncludes index. | ||
| 942 |
_2lcc _cBK |
||
| 999 |
_c366303 _d366303 |
||